O zoo humano (Registo nº 199067)

Detalhes MARC
000 -Etiqueta do registo
Valores 00585nam 22001933 4500
100 ## - Dados gerais de processamento
Dados gerais 20251117d u||y0pory50 ba
200 ## - Titulo e menção de responsabilidade
Título próprio O zoo humano
Primeira menção de responsabilidade Desmond Morris
Outras menções de responsabilidade tradução de Hermano Neves
210 ## - Publicação
Local de publicação [Lisboa]
Nome do editor Europa-América
Data de publicação imp. 1971
215 ## - Descrição física 
Paginação / Volumes 290, [6] p.
Outras indicações físicas brochado
Dimensões 19 cm
225 ## - Colecção 
Título próprio da colecção Estudos e documentos
Número de parte ou secção 56
606 ## - Nome comum usado como assunto
Palavra de ordem Biologia. Ciências biológicas no geral
ID Autoridade 94
675 ## - CDU
Notação 572
Edição PT
Língua por
700 ## - Autor principal (pessoa individual)
ID Autoridade 10273
Apelido Morris
Nome Desmond
Datas 1928-
702 ## - Autor secundário (pessoa individual)
ID Autoridade 14966
Apelido Neves
Nome Hermano
801 ## - Fonte de origem
País PT
Agência BMMN
Regras de catalogação RPC
830 ## - Notas gerais do catalogador
Criado por Vanda
990 ## - Elementos KOHA
Tipo de documento Livro
Exemplares
Situação do levantamento Biblioteca de origem Código de barras Cota Permissão de empréstimo Tipo de documento Forma de aquisição
  Biblioteca Municipal de Montemor-o-Novo 27785 572 MOR|DEP   Livro Compra

Powered by Koha